| 000 | 00459nam a22001697a 4500 | ||
|---|---|---|---|
| 003 | NUST - PNEC | ||
| 005 | 20170116181004.0 | ||
| 008 | 150912b xxu||||| |||| 00| 0 eng d | ||
| 020 | _a0890061211 | ||
| 040 | _cLIBRARY | ||
| 082 | _a621.3804301 URK | ||
| 100 |
_99696 _aUrkowitz, Harry |
||
| 245 |
_aSignal theory and random processes _cHarry Urkowitz |
||
| 260 | _cc.1983 | ||
| 650 |
_99692 _aSignal theory (Telecommunication) _xMS COMM |
||
| 942 |
_2ddc _cBK |
||
| 999 |
_c66817 _d66817 |
||